000 00602nam a2200205 a 4500
001 3663
003 CO-ViMGA
008 141112s2004 ck r 000 u spa d
020 _a9701004396
040 _aCO-ViMGA
_bspa
_cCO-ViMGA
082 0 4 _a341.753 G659f
100 1 _aGonzález Calvillo, Enrique
_953674
245 1 0 _aFranquicias :
_bla revolución de los 90
260 _aSantafé de Bogotá :
_bMcGraw - Hill,
_c1995
300 _a144 p
650 1 4 _aCOMERCIO EXTERIOR - RESTRICCIONES
_953675
650 1 4 _aFRANQUICIAS
_953676
650 1 4 _aGonzález Calvillo, Rodrigo
_953677
942 _2ddc
_cBK
999 _c15700
_d15700